00262nam a2200097Ia 4500001000800000005001700008008004100025020001800066245006000084260002000144126120320260417140347.0260417s9999 xx 000 0 und d a9789752126169 0aOn Kişiydiler (On Küçük Zenci)cAgatha Christie bAltın Kitaplar